1741 1980 1309 1539 1861 1479 1260 1263 1775 1588 1313 1495 1303 1841 1543 1563 1117 1160 1370 1788 1311 1027 1875 1949 1916 1131 1822 1659 1259 1547 1202 1085 1652 1746 1945 1254 1801 1827 1573 1325 1311 1717 1083 1258 1876 1143 1916 1398 1474 1591 1678 1675 1126 1154 1276 1188 1936 1721 1281 1361 1784 1234 1733 1266 1777 1627 1702 1932 1803 1528 1565 1667 1620 1520 1366 1057 1385 1849 1926 1326 1973 1155 1254 1502 1173 1136 1746 1239 1191 1267 1641 1707 1618 1145 1671 1244 1424 1316 1487 BCNSPRNW ULIB Ver.6.0+V

เปลี่ยนเป็นภาษาไทย

Change to English
 แสดงรายละเอียดบรรณานุกรม
  กลับหน้าหลัก

Brief Record : Get Marc (ISO 2709) : E-mail record : QR code < ปิดหน้าต่าง
LEADER : 00000nam 2200000uu 4500
001    13399113742
003     ULIB
008    111220s2549||||th 000 0 tha d
020    ^a9749417402
060  4 ^aWA292^bค127 2549
245 00 ^aคัมภีร์กู้ชีวิต =^bFire rescue & EMS manual /^cโดยสมาคมการดับเพลิงและช่วยชีวิต FARA
246 14 ^aคัมภีร์กู้ชีวิต :^bคู่มือการดับไฟ กู้ภัย กู้ชีพ มาตราฐานFARA-FS Certified และ APFF
246 31 ^aFire rescue & EMS manual
260    ^aกรุงเทพฯ :^bสมาคมการดับเพลิงและช่วยชีวิต,^c2549
300    ^a176 หน้า :^bภาพประกอบ ;^c29 ซม.
650  7 ^aการป้องกันอัคคีภัย
650  7 ^aอัคคีภัย
710 2  ^aสมาคมการดับเพลิงและช่วยชีวิต
945    ^p0^l0^i24821
995    ^aกัณชพร
999    ^aใช้งานได้ทุกระบบ
รายการนี้ยังไม่มีแท็ก
คุณยังไม่ได้ล็อกอิน คุณสามารถมีกิจกรรมร่วมกับเว็บไซต์ได้ แต่ต้องล็อกอินก่อน ::
  ล็อกอิน

รายการสื่อสารสนเทศ

ลำดับที่ ประเภท เลขเรียก/บาร์โค้ด สถานที่ สถานะ
- ไม่พบข้อมูล -

รายการใกล้เคียง
    หัวเรื่อง [การป้องกันอัคคีภัย]
    หัวเรื่อง [อัคคีภัย]

BibComment


ยังไม่เคยถูกคอมเมนท์

คอมเมนท์ทรัพยากรรายการนี้
  คอมเมนท์: คัมภีร์กู้ชีวิต ..


 Copyright 2026. Bcnsprnw @Library